000 00848cab a2200229 4500
001 X3753
008 090401t1996 xxu||||| |||| 00| 0 eng d
035 _a(Sirsi) u32544
041 _aeng
245 _aRSPB test case find government acted illegally
260 _c1996
350 _a0
490 _aCSM (Chartered Surveyor Monthly)
_v5(11) September 1996, 7(1)
520 _aThe European Court has found in favour of the RSPB in an action which they brought against the government in its decision to exclude Lappel Bank from the Medway Estuary Special Protection Area for economic reasons.
650 _aBIRD SANCTUARIES
650 _aMEDWAY ESTUARY SPECIAL PROTECTION AREA
650 _aROYAL SOCIETY FOR THE PROTECTION OF BIRDS
650 _aSPECIAL PROTECTION AREAS
690 _aCONSERVATION
942 _n0
948 _c04/03/1997
999 _c21780
_d21780